000 00701nam a2200253Ia 4500
003 OSt
005 20220926012026.0
006 a|||||r|||| 00| 0
007 ta
008 220923b |||||||| |||| 00| 0 eng d
020 _a0809618451
037 _cGeneral Book
040 _aRTL
_cRTL
_beng
041 _2eng
_aeng
082 _aS8, L2
100 _aKlein Alan F
_9315431
245 0 _aEffective groupwork
_b An introduction to principle
260 _aNew York
_bAssociation Press USA
_c1972
300 _axix, 384p.
_ccm.
500 _aBib at the end of each chapter
650 _aPsychology
942 _hS8, L2
_cGB
_2CC
999 _c621568
_d621568